Breve historia de Inglaterra
Na minha lista:
| Autor principal: | |
|---|---|
| Formato: | Livro |
| Idioma: | espanhol |
| Publicado em: |
Madrid
Alianza
2004
|
| Colecção: | Libro de Bolsillo
|
| Assuntos: | |
| Tags: |
Adicionar Tag
Sem tags, seja o primeiro a adicionar uma tag!
|
MARC
| LEADER | 00000nam a2200000 a 4500 | ||
|---|---|---|---|
| 001 | UCJ0507 | ||
| 003 | CL-VaPUC | ||
| 008 | 060804e20040000SP |||||||||||||||||spa|d | ||
| 020 | |a 8420658146 | ||
| 082 | 0 | 4 | |a 942.042 |b TOW |2 21 |
| 100 | 0 | |a Townson, Duncan |e author |9 500733 | |
| 245 | 1 | 0 | |a Breve historia de Inglaterra |
| 300 | |a 526 p | ||
| 942 | |c BK | ||
| 945 | |d 20060804 00:00:00 |a jtorresc | ||
| 260 | |a Madrid |b Alianza |c 2004 | ||
| 650 | 0 | |a Historia de Inglaterra |9 376029 | |
| 650 | 0 | |a Monarquía |9 255259 | |
| 650 | 0 | |a Costumbres y tradiciones |9 268292 | |
| 650 | 7 | |a IMPERIO BRITANICO |2 CL-VaPUC |9 435477 | |
| 650 | 0 | |a Revolución industrial |9 309422 | |
| 650 | 7 | |a PENSAMIENTO EUROPEO |2 CL-VaPUC |9 500734 | |
| 651 | 7 | |a ENRIQUE V |2 CL-VaPUC |9 500735 | |
| 651 | 7 | |a MARGARET THATCHER |2 CL-VaPUC |9 500736 | |
| 583 | |a last modification |c 20140406 06:06:28 |k Rodrigo Vera | ||
| 490 | 0 | |a Libro de Bolsillo | |
| 999 | |c 317341 |d 317339 | ||
| 952 | |0 0 |1 0 |4 0 |6 942_042000000000000_TOW_2004 |7 0 |8 A |9 393624 |a BIBHIS |b BIBHIS |d 2019-11-22 |i 426228K |l 4 |m 1 |o 942.042 TOW 2004 |p 426228K |r 2025-01-20 |s 2024-05-13 |w 2019-11-22 |y BK |k HIS | ||